Instalaciones eléctricas de baja tensión en el sector agrario y agroalimentario

Spremljeno u:
Bibliografski detalji
Glavni autori: Luna Sánchez, Luis (autor), García Fernández, José Luis (Autor), Adrados Blaise-Ombrecht, Carlos (Autor), García Marí, Eugenio (Autor), Gutiérrez Colomer, Rosa Penélope (Autor), Gutiérrez Montes, José Luis (Autor), Plaza Pérez, Saturnino de la (Autor)
Format: Knjiga
Jezik:španjolski
Izdano: Madrid Mundi Prensa 2007
Teme:
Oznake: Dodaj oznaku
Bez oznaka, Budi prvi tko označuje ovaj zapis!

MARC

LEADER 00000nam a2200000 a 4500
001 UCH7743
003 CL-VaPUC
008 091126e20070000SP |||||||||||||||||spa|d
020 |a 9788484763246 
082 0 4 |a 631.371  |b LUN  |2 21 
100 |a Luna Sánchez, Luis  |e autor  |9 544026 
700 |a García Fernández, José Luis  |e author  |9 544027 
700 0 |a Adrados Blaise-Ombrecht, Carlos   |e author  |9 544028 
700 0 |a García Marí, Eugenio  |e author  |9 544029 
700 0 |a Gutiérrez Colomer, Rosa Penélope  |e author  |9 544030 
700 0 |a Gutiérrez Montes, José Luis  |e author  |9 544031 
700 0 |a Plaza Pérez, Saturnino de la  |e author  |9 544032 
245 1 0 |a Instalaciones eléctricas de baja tensión en el sector agrario y agroalimentario 
300 |a 542 p 
942 |c BK 
945 |d 20091126 00:00:00  |a rbrito 
260 |a Madrid  |b Mundi Prensa  |c 2007 
650 7 |a SECTOR AGRICOLA  |2 CL-VaPUC  |9 357761 
650 7 |a DISEÑO DE INSTALACIONES ELECTRICAS  |2 CL-VaPUC  |9 544033 
650 7 |a INSTALACIONES ELECTRICAS  |2 CL-VaPUC  |9 262736 
650 0 |a Electricidad  |9 260222 
650 7 |a SEGURIDAD ELECTRICA  |2 CL-VaPUC  |9 544034 
650 0 |a Alumbrado eléctrico  |9 263425 
650 0 |a Motores eléctricos   |9 260085 
650 7 |a ELECTROGENOS  |2 CL-VaPUC  |9 544035 
583 |a last modification  |c 20091126 00:00:00  |k Rodrigo Vera 
999 |c 338120  |d 338118 
952 |0 0  |1 0  |4 0  |6 631_371000000000000_LUN_2007  |7 0  |8 A  |9 430957  |a BIBAGR  |b BIBAGR  |d 2019-11-22  |i 4621638  |o 631.371 LUN 2007  |p 4621638  |r 2025-01-20  |w 2019-11-22  |y BK  |k AGR